[Event "Cheliabinsk Lozovatsky Memorial-A"]
[Site "Cheliabinsk"]
[Date "2023.01.29"]
[Round "3"]
[White "Kosic, Dragan"]
[Black "Gurvich, Vitaly"]
[Result "1/2-1/2"]
[WhiteElo "2428"]
[BlackElo "2278"]
[PlyCount "101"]
[EventDate "2023.01.27"]
[EventType "swiss"]
[EventRounds "10"]
[EventCountry "RUS"]
[SourceTitle "CBM 212 Extra"]
[Source "ChessBase"]
[SourceDate "2023.03.31"]
[SourceVersion "1"]
[SourceVersionDate "2023.03.31"]
[SourceQuality "1"]

1. d4 Nf6 2. Nf3 g6 3. Bg5 Bg7 4. Nbd2 c5 5. Bxf6 Bxf6 6. Ne4 Bxd4 7. Nxd4 cxd4 8. Qxd4 0-0 9. c4 Nc6 10. Qd2 d6 11. Nc3 Be6 12. e4 Qb6 13. Be2 Rac8 14. Rd1 Ne5 15. b3 f5 16. exf5 Rxf5 17. 0-0 Rcf8 18. Qd4 Qxd4 19. Rxd4 g5 20. f3 Kg7 21. Ne4 h6 22. Ng3 R5f7 23. f4 gxf4 24. Nh5+ Kg8 25. Rfxf4 b6 26. Rxf7 Rxf7 27. Nf4 Bf5 28. Nd5 Nc6 29. Rh4 Kg7 30. Bh5 Rf8 31. Nc7 Nb4 32. a4 Nd3 33. Rd4 Nc5 34. Bd1 Ne6 35. Nxe6+ Bxe6 36. Re4 Rf6 37. b4 Kf8 38. g4 Bf7 39. Be2 e5 40. c5 bxc5 41. bxc5 dxc5 42. Rxe5 Rc6 43. Kf2 c4 44. Ke1 c3 45. Kd1 Bb3+ 46. Kc1 Bxa4 47. Ra5 Bb3 48. Rxa7 Re6 49. Ra3 Rxe2 50. Rxb3 Rxh2 51. Rxc3 1/2-1/2

[Event "Titled Tuesday intern op 17th Jan Early"]
[Site "Chess.com INT"]
[Date "2023.01.17"]
[Round "10"]
[White "Balabayeva, Kseniya"]
[Black "Gurvich, Vitaly"]
[Result "0-1"]
[WhiteElo "2185"]
[BlackElo "2278"]
[PlyCount "90"]
[EventDate "2023.01.17"]
[EventType "swiss (blitz)"]
[EventRounds "11"]
[EventCountry "USA"]
[SourceTitle "CBM 212 Extra"]
[Source "ChessBase"]
[SourceDate "2023.03.31"]
[SourceVersion "1"]
[SourceVersionDate "2023.03.31"]
[SourceQuality "1"]

1. d4 Nf6 2. c4 e6 3. Nc3 Bb4 4. Bd2 0-0 5. Nf3 d6 6. a3 Bxc3 7. Bxc3 Ne4 8. Rc1 Nxc3 9. Rxc3 Qe7 10. e4 e5 11. dxe5 dxe5 12. Bd3 Bg4 13. h3 Bxf3 14. Qxf3 Nc6 15. 0-0 Nd4 16. Qe3 Rad8 17. Bb1 a5 18. Kh2 c6 19. f4 exf4 20. Rxf4 Qe5 21. g3 g6 22. Rc1 c5 23. Rcf1 b6 24. Qf2 Ne6 25. Rxf7 Rxf7 26. Qxf7+ Kh8 27. Qf2 Rf8 28. Qg2 Rxf1 29. Qxf1 Qxb2+ 30. Kg1 Kg7 31. Bd3 Qd4+ 32. Kg2 Qe3 33. Bb1 Nd4 34. Qf4 Qe2+ 35. Kh1 Qe1+ 36. Kg2 Qxb1 37. Qe5+ Kf7 38. Qd5+ Ke7 39. Qb7+ Kf6 40. e5+ Kxe5 41. Qd5+ Kf6 42. Qd8+ Ke6 43. Qe8+ Kf5 44. Qf7+ Ke4 45. Qf4+ Kd3 0-1

[Event "Titled Tuesday intern op 17th Jan Early"]
[Site "Chess.com INT"]
[Date "2023.01.17"]
[Round "1"]
[White "Batsiashvili, Nino"]
[Black "Gurvich, Vitaly"]
[Result "0-1"]
[WhiteElo "2493"]
[BlackElo "2278"]
[PlyCount "106"]
[EventDate "2023.01.17"]
[EventType "swiss (blitz)"]
[EventRounds "11"]
[EventCountry "USA"]
[SourceTitle "CBM 212 Extra"]
[Source "ChessBase"]
[SourceDate "2023.03.31"]
[SourceVersion "1"]
[SourceVersionDate "2023.03.31"]
[SourceQuality "1"]

1. d4 Nf6 2. c4 g6 3. Nc3 d5 4. cxd5 Nxd5 5. e4 Nxc3 6. bxc3 Bg7 7. Be3 0-0 8. Bc4 c5 9. Ne2 Qa5 10. 0-0 cxd4 11. cxd4 Nc6 12. d5 Ne5 13. Bb3 Bd7 14. Nd4 Ng4 15. Bg5 Qb4 16. Nc2 Qd6 17. g3 Bxa1 18. Qxa1 Rfc8 19. Kg2 a5 20. Ne3 a4 21. Bd1 Nxe3+ 22. Bxe3 Qb4 23. Bd4 Bb5 24. Bg4 Bxf1+ 25. Kxf1 Rc4 26. Bh8 f6 27. Bxf6 Rxe4 28. Bh8 Qe1+ 29. Qxe1 Rxe1+ 30. Kxe1 Kxh8 31. Kd2 Kg7 32. f4 Kf6 33. Kd3 Ra6 34. Bd1 a3 35. Bb3 Rb6 36. Kc3 g5 37. fxg5+ Kxg5 38. h3 h5 39. Kc4 Rf6 40. Kb4 Rf3 41. Kxa3 Rxg3 42. Kb4 Rxh3 43. Kb5 Re3 44. Kb6 h4 45. Kxb7 h3 46. d6 exd6 47. Bd5 h2 48. a4 Re1 49. a5 h1Q 50. Bxh1 Rxh1 51. a6 d5 52. a7 Rh7+ 53. Kb6 Rxa7 0-1

[Event "Titled Tuesday intern op 17th Jan Early"]
[Site "Chess.com INT"]
[Date "2023.01.17"]
[Round "6"]
[White "Esipenko, Andrey"]
[Black "Gurvich, Vitaly"]
[Result "1-0"]
[WhiteElo "2675"]
[BlackElo "2278"]
[PlyCount "87"]
[EventDate "2023.01.17"]
[EventType "swiss (blitz)"]
[EventRounds "11"]
[EventCountry "USA"]
[SourceTitle "CBM 212 Extra"]
[Source "ChessBase"]
[SourceDate "2023.03.31"]
[SourceVersion "1"]
[SourceVersionDate "2023.03.31"]
[SourceQuality "1"]

1. e4 c6 2. d4 d5 3. e5 Bf5 4. h4 h5 5. Bd3 Bxd3 6. Qxd3 Qa5+ 7. Nd2 Qa6 8. c4 e6 9. Ngf3 Nh6 10. 0-0 Nf5 11. b3 Be7 12. a4 Nd7 13. Ba3 Bxa3 14. Rxa3 c5 15. dxc5 Nxc5 16. Qb1 dxc4 17. Nxc4 0-0 18. Rc1 b5 19. axb5 Qxb5 20. b4 Nd7 21. Ra5 Qb7 22. Nd6 Nxd6 23. exd6 Nf6 24. Ne5 Nd5 25. Qe4 Rfd8 26. Rc7 Qxb4 27. Qxb4 Nxb4 28. Nxf7 Rf8 29. Ng5 Nd5 30. Rcxa7 Rxa7 31. Rxa7 Rd8 32. Rxg7+ Kxg7 33. Nxe6+ Kf6 34. Nxd8 Ke5 35. Nb7 Ke6 36. g3 Nc3 37. Kg2 Ne4 38. Kf3 Nd2+ 39. Ke3 Nc4+ 40. Kf4 Ne5 41. Kg5 Nd3 42. f4 Nf2 43. Kxh5 Kd7 44. g4 1-0

[Event "Titled Tuesday intern op 17th Jan Early"]
[Site "Chess.com INT"]
[Date "2023.01.17"]
[Round "2"]
[White "Gurvich, Vitaly"]
[Black "Manukian, Artak"]
[Result "0-1"]
[WhiteElo "2278"]
[BlackElo "2196"]
[PlyCount "104"]
[EventDate "2023.01.17"]
[EventType "swiss (blitz)"]
[EventRounds "11"]
[EventCountry "USA"]
[SourceTitle "CBM 212 Extra"]
[Source "ChessBase"]
[SourceDate "2023.03.31"]
[SourceVersion "1"]
[SourceVersionDate "2023.03.31"]
[SourceQuality "1"]

1. d4 Nf6 2. c4 g6 3. Nc3 Bg7 4. e4 0-0 5. Be2 d6 6. Bg5 e5 7. dxe5 dxe5 8. Qxd8 Rxd8 9. Nd5 Rxd5 10. exd5 Ne4 11. Be3 c6 12. Nf3 Na6 13. Nd2 cxd5 14. cxd5 Nxd2 15. Bxd2 Nc7 16. Bc4 Bf5 17. 0-0 Nxd5 18. Bxd5 Rd8 19. Bxf7+ Kxf7 20. Bc3 Ke6 21. Rfd1 Bf6 22. Rxd8 Bxd8 23. Rd1 Bc7 24. Kf1 a5 25. a3 a4 26. Bb4 Be4 27. h3 h5 28. Re1 Bd3+ 29. Kg1 e4 30. Bc3 Kd5 31. g4 hxg4 32. hxg4 Bf4 33. Kg2 b5 34. Kh3 g5 35. Kg2 Kc4 36. Rh1 Kb3 37. Rh6 Bc1 38. f4 gxf4 39. Rc6 f3+ 40. Kf2 Be2 41. Bd4 Bg5 42. Rc3+ Ka2 43. Be3 Bh4+ 44. Kg1 Bf6 45. Rc5 Bc4 46. g5 Bxb2 47. g6 Kxa3 48. Rg5 Bg7 49. Kf2 Kb3 50. Rg4 Bd3 51. Rg5 a3 52. Rg1 a2 0-1

[Event "Titled Tuesday intern op 15th Nov Early"]
[Site "Chess.com INT"]
[Date "2022.11.15"]
[Round "6"]
[White "Gurvich, Vitaly"]
[Black "Osinovsky, Stepan"]
[Result "1-0"]
[WhiteElo "2278"]
[BlackElo "2241"]
[PlyCount "55"]
[EventDate "2022.11.15"]
[EventType "swiss (blitz)"]
[EventRounds "11"]
[EventCountry "USA"]
[SourceTitle "CBM 211 Extra"]
[Source "ChessBase"]
[SourceDate "2023.01.31"]
[SourceVersion "1"]
[SourceVersionDate "2023.01.31"]
[SourceQuality "1"]

1. e4 e5 2. Nf3 Nc6 3. Nc3 Nf6 4. h3 h6 5. d4 exd4 6. Nxd4 Bb4 7. Nxc6 bxc6 8. Bd3 0-0 9. 0-0 Re8 10. Qf3 d5 11. exd5 cxd5 12. Bf4 Be6 13. Rad1 Rb8 14. Nb5 Rb7 15. c4 dxc4 16. Bh7+ Kxh7 17. Rxd8 Rxd8 18. Nxc7 Rb6 19. Be5 Nd5 20. Nxe6 Rxe6 21. Bd4 a5 22. Qxf7 Re7 23. Qf5+ Kh8 24. g3 Rd6 25. Qc8+ Kh7 26. Qxc4 Nf6 27. Be3 Re4 28. Qc2 1-0

[Event "Titled Tuesday intern op 15th Nov Early"]
[Site "Chess.com INT"]
[Date "2022.11.15"]
[Round "3"]
[White "Sreyas, Payyappat"]
[Black "Gurvich, Vitaly"]
[Result "1-0"]
[WhiteElo "2145"]
[BlackElo "2278"]
[PlyCount "119"]
[EventDate "2022.11.15"]
[EventType "swiss (blitz)"]
[EventRounds "11"]
[EventCountry "USA"]
[SourceTitle "CBM 211 Extra"]
[Source "ChessBase"]
[SourceDate "2023.01.31"]
[SourceVersion "1"]
[SourceVersionDate "2023.01.31"]
[SourceQuality "1"]

1. e4 c6 2. d4 d5 3. Nc3 dxe4 4. Nxe4 Nf6 5. Nxf6+ exf6 6. Bc4 Bd6 7. Qe2+ Be7 8. Nf3 0-0 9. 0-0 Bd6 10. Re1 Nd7 11. c3 Nb6 12. Bd3 Bg4 13. h3 Bh5 14. g4 Bg6 15. Bxg6 hxg6 16. g5 Qd7 17. Kg2 Rae8 18. Be3 Qf5 19. Qd2 Nc4 20. Qc1 fxg5 21. Bxg5 Rxe1 22. Qxe1 Nxb2 23. Qe3 Nc4 24. Qe2 Qd5 25. Re1 b5 26. Kg1 a5 27. Bc1 f6 28. Nh4 Qf7 29. Qg4 g5 30. Nf5 Kh7 31. h4 gxh4 32. Qxh4+ Kg8 33. Re4 Qg6+ 34. Qg4 Qxg4+ 35. Rxg4 Kf7 36. Rxg7+ Ke6 37. Nxd6 Nxd6 38. Rc7 Kd5 39. Bf4 Ne4 40. f3 Nxc3 41. Rd7+ Kc4 42. Bd6 Re8 43. Bc5 a4 44. Rd6 Nxa2 45. Rxc6 Kb3 46. Rxf6 b4 47. Rb6 Kc4 48. f4 a3 49. f5 Re4 50. f6 Rf4 51. Kg2 Rf5 52. Kg3 Rf2 53. Kxf2 Kd3 54. f7 Nc3 55. f8Q Ne4+ 56. Kg2 a2 57. Qf3+ Kc4 58. Qe2+ Kd5 59. Qxa2+ b3 60. Qxb3# 1-0

[Event "Titled Tuesday intern op 16th Nov"]
[Site "Chess.com INT"]
[Date "2021.11.16"]
[Round "9"]
[White "Kryakvin, Dmitry"]
[Black "Gurvich, Vitaly"]
[Result "1/2-1/2"]
[WhiteElo "2570"]
[BlackElo "2264"]
[PlyCount "100"]
[EventDate "2021.11.16"]
[EventType "swiss (blitz)"]
[EventRounds "11"]
[EventCountry "USA"]
[SourceTitle "CBM 205 Extra"]
[Source "ChessBase"]
[SourceDate "2022.01.31"]
[SourceVersion "1"]
[SourceVersionDate "2022.01.31"]
[SourceQuality "1"]

1. Nf3 Nf6 2. c4 c5 3. Nc3 g6 4. e4 Nc6 5. d4 cxd4 6. Nxd4 d6 7. Be2 Bg7 8. Be3 0-0 9. 0-0 Bd7 10. Qd2 Nxd4 11. Bxd4 Bc6 12. f3 Rc8 13. b4 a6 14. Rfc1 e6 15. Kh1 h5 16. a4 h4 17. b5 Bd7 18. Kg1 Kh7 19. Rd1 axb5 20. Nxb5 Bxb5 21. axb5 Nh5 22. Bxg7 Kxg7 23. Qxd6 Qg5 24. Qd4+ e5 25. Qf2 Nf4 26. Kh1 Rfd8 27. Bf1 Ne6 28. Rd5 Nf4 29. Rdd1 Ne6 30. Rac1 Nd4 31. b6 Rc5 32. Rb1 Qf6 33. Rb2 Rd6 34. Rdb1 Rcc6 35. Qe1 Rxb6 36. Rxb6 Rxb6 37. Rxb6 Qxb6 38. Qxh4 Qb1 39. Qf2 Qd1 40. Kg1 g5 41. h4 f6 42. hxg5 fxg5 43. c5 Kf6 44. Qe3 Qb3 45. Qc1 Qb4 46. Qc4 Qe1 47. Kh2 Qh4+ 48. Kg1 Qe1 49. Kh2 Qh4+ 50. Kg1 Qe1 1/2-1/2

[Event "Titled Tuesday intern op 16th Nov"]
[Site "Chess.com INT"]
[Date "2021.11.16"]
[Round "8"]
[White "Rustemov, Alexander"]
[Black "Gurvich, Vitaly"]
[Result "1/2-1/2"]
[WhiteElo "2525"]
[BlackElo "2264"]
[PlyCount "91"]
[EventDate "2021.11.16"]
[EventType "swiss (blitz)"]
[EventRounds "11"]
[EventCountry "USA"]
[SourceTitle "CBM 205 Extra"]
[Source "ChessBase"]
[SourceDate "2022.01.31"]
[SourceVersion "1"]
[SourceVersionDate "2022.01.31"]
[SourceQuality "1"]

1. d4 Nf6 2. c4 c5 3. d5 b5 4. Nf3 g6 5. cxb5 Bg7 6. Nc3 a6 7. e3 axb5 8. Bxb5 0-0 9. 0-0 d6 10. a4 Na6 11. e4 Nb4 12. h3 Ba6 13. Bf4 Nd7 14. Qd2 Re8 15. Rfe1 Qc7 16. Rad1 Reb8 17. Qe2 Bxb5 18. axb5 c4 19. Be3 Nd3 20. Rf1 Bxc3 21. bxc3 Rxb5 22. Rb1 Rba5 23. Nd4 N7c5 24. Nc6 Ra2 25. Qf3 Nb3 26. Rfd1 f6 27. Rxd3 cxd3 28. Rxb3 d2 29. Rb1 Ra1 30. Rd1 Qb7 31. Bxd2 Qb2 32. Nxe7+ Kf7 33. Kh2 Kxe7 34. Qg4 Rxd1 35. Qe6+ Kd8 36. Qxd6+ Ke8 37. Qe6+ Kd8 38. Qxf6+ Ke8 39. Qe6+ Kd8 40. Bg5+ Kc7 41. Qc6+ Kb8 42. Bf4+ Ka7 43. Be3+ Kb8 44. Bf4+ Ka7 45. Be3+ Kb8 46. Bf4+ 1/2-1/2

[Event "Titled Tuesday intern op 19th Oct"]
[Site "Chess.com INT"]
[Date "2021.10.19"]
[Round "2"]
[White "Christensen, Thomas1111"]
[Black "Gurvich, Vitaly"]
[Result "0-1"]
[WhiteElo "2154"]
[BlackElo "2264"]
[PlyCount "36"]
[EventDate "2021.10.19"]
[EventType "swiss (blitz)"]
[EventRounds "11"]
[EventCountry "USA"]
[SourceTitle "CBM 204 Extra"]
[Source "ChessBase"]
[SourceDate "2021.11.30"]
[SourceVersion "1"]
[SourceVersionDate "2021.11.30"]
[SourceQuality "1"]

1. d4 Nf6 2. Nc3 d5 3. e4 dxe4 4. f3 e3 5. Bxe3 Bf5 6. Nge2 e6 7. Ng3 Bg6 8. Bd3 Bb4 9. 0-0 Nbd7 10. f4 0-0 11. f5 exf5 12. Nxf5 c5 13. dxc5 Nxc5 14. Qe2 Nxd3 15. cxd3 Re8 16. Qd2 Ng4 17. Bg5 Qa5 18. Qf4 Bxf5 0-1

[Event "Titled Tuesday intern op 19th Oct"]
[Site "Chess.com INT"]
[Date "2021.10.19"]
[Round "1"]
[White "Gurvich, Vitaly"]
[Black "Bures, Vit"]
[Result "1-0"]
[WhiteElo "2264"]
[BlackElo "2110"]
[PlyCount "107"]
[EventDate "2021.10.19"]
[EventType "swiss (blitz)"]
[EventRounds "11"]
[EventCountry "USA"]
[SourceTitle "CBM 204 Extra"]
[Source "ChessBase"]
[SourceDate "2021.11.30"]
[SourceVersion "1"]
[SourceVersionDate "2021.11.30"]
[SourceQuality "1"]

1. e4 e5 2. Nf3 Nc6 3. Nc3 Nf6 4. h3 d5 5. exd5 Nxd5 6. Bb5 Nxc3 7. bxc3 Bd6 8. 0-0 0-0 9. Re1 Re8 10. d4 exd4 11. Rxe8+ Qxe8 12. cxd4 Bd7 13. Be3 Ne7 14. Bxd7 Qxd7 15. c4 Ng6 16. Qb3 b6 17. Rc1 Re8 18. d5 h6 19. Nd4 Bf4 20. Re1 Re4 21. Nc6 Qe8 22. Kf1 a5 23. g3 Bd6 24. Qd3 Bc5 25. Bd2 Rxe1+ 26. Bxe1 Qd7 27. Kg2 Ne7 28. Qe4 Nxc6 29. dxc6 Qe6 30. Qxe6 fxe6 31. Bd2 Bd6 32. Kf3 Kf7 33. Ke4 Kf6 34. g4 g6 35. Bxh6 g5 36. f4 Bxf4 37. Bf8 Bh2 38. Ba3 Bg3 39. Bb2+ e5 40. Ba3 Ke6 41. Bc1 Bf4 42. Ba3 Bg3 43. Bf8 Bf4 44. a3 Bg3 45. a4 Bf4 46. Ba3 Bg3 47. Bb2 Bf4 48. Bc3 Bg3 49. Bd2 Bf4 50. Be1 Bh2 51. c5 Bf4 52. Bf2 bxc5 53. Bxc5 Bd2 54. Ba3 1-0

[Event "Titled Tuesday intern op 19th Oct"]
[Site "Chess.com INT"]
[Date "2021.10.19"]
[Round "3"]
[White "Gurvich, Vitaly"]
[Black "Nogerbek, Kazybek"]
[Result "0-1"]
[WhiteElo "2264"]
[BlackElo "2356"]
[PlyCount "96"]
[EventDate "2021.10.19"]
[EventType "swiss (blitz)"]
[EventRounds "11"]
[EventCountry "USA"]
[SourceTitle "CBM 204 Extra"]
[Source "ChessBase"]
[SourceDate "2021.11.30"]
[SourceVersion "1"]
[SourceVersionDate "2021.11.30"]
[SourceQuality "1"]

1. e4 c6 2. d4 d5 3. exd5 cxd5 4. Bd3 Nc6 5. c3 g6 6. h3 Bg7 7. Nf3 Nh6 8. 0-0 Bf5 9. Re1 Bxd3 10. Qxd3 Nf5 11. Nbd2 0-0 12. b3 Rc8 13. Bb2 e6 14. Rad1 Qb6 15. g3 Rfd8 16. Kg2 Rc7 17. Ba1 Rdc8 18. h4 Qa5 19. Qb1 Nb8 20. Rc1 Nd7 21. Bb2 Nd6 22. a4 a6 23. Qd3 b5 24. axb5 Qxb5 25. Qxb5 axb5 26. b4 Nc4 27. Nxc4 Rxc4 28. Ra1 Nb6 29. Nd2 R4c6 30. Ra6 Na4 31. Rxc6 Rxc6 32. Ba1 Nxc3 33. Rc1 Bxd4 34. Nb1 Nxb1 35. Rxc6 Bxa1 36. Rc1 Bc3 37. Rxb1 Kf8 38. Kf3 Ke7 39. Rc1 d4 40. Ke4 Kd6 41. Rb1 f5+ 42. Kd3 e5 43. f3 Kd5 44. Rc1 e4+ 45. fxe4+ fxe4+ 46. Kc2 Kc4 47. Rf1 d3+ 48. Kd1 e3 0-1

[Event "Titled Tuesday intern op 19th Oct"]
[Site "Chess.com INT"]
[Date "2021.10.19"]
[Round "4"]
[White "Miszler, Levente"]
[Black "Gurvich, Vitaly"]
[Result "0-1"]
[WhiteElo "2242"]
[BlackElo "2264"]
[PlyCount "92"]
[EventDate "2021.10.19"]
[EventType "swiss (blitz)"]
[EventRounds "11"]
[EventCountry "USA"]
[SourceTitle "CBM 204 Extra"]
[Source "ChessBase"]
[SourceDate "2021.11.30"]
[SourceVersion "1"]
[SourceVersionDate "2021.11.30"]
[SourceQuality "1"]

1. Nf3 d6 2. c4 g6 3. g3 Bg7 4. Bg2 Nf6 5. 0-0 0-0 6. Nc3 Nc6 7. Rb1 a5 8. a3 e5 9. d3 Re8 10. Nd2 Nd4 11. b4 h5 12. e3 Ne6 13. b5 h4 14. a4 Bh6 15. Nb3 hxg3 16. fxg3 Ng5 17. e4 Kg7 18. Nd5 Nxd5 19. cxd5 b6 20. Nd2 Nh3+ 21. Kh1 Qe7 22. Nf3 Rh8 23. Nh4 Bxc1 24. Rxc1 Rxh4 25. gxh4 Qxh4 26. Qf3 Nf4 27. Rxc7 Bg4 28. Qg3 Qh5 29. Rxf4 exf4 30. Qxf4 Rf8 31. Qxd6 Bf3 32. Qg3 Bxg2+ 33. Kxg2 Qe2+ 34. Kg1 Qd1+ 35. Kg2 Qxa4 36. Qe5+ Kg8 37. d6 Qa2+ 38. Kg3 Qb1 39. d7 Qxd3+ 40. Kg4 Qe2+ 41. Kg3 Qe3+ 42. Kg4 Qg1+ 43. Qg3 Qd4 44. Rc8 Qxd7+ 45. Kf3 Rxc8 46. Qe5 a4 0-1

[Event "Titled Tuesday intern op 17th Aug"]
[Site "Chess.com INT"]
[Date "2021.08.17"]
[Round "1"]
[White "Gedgafov, Chamal"]
[Black "Gurvich, Vitaly"]
[Result "0-1"]
[WhiteElo "2202"]
[BlackElo "2259"]
[PlyCount "100"]
[EventDate "2021.08.17"]
[EventType "swiss (blitz)"]
[EventRounds "11"]
[EventCountry "USA"]
[SourceTitle "EXT 2022"]
[Source "ChessBase"]
[SourceDate "2021.10.06"]
[SourceVersion "1"]
[SourceVersionDate "2021.10.06"]
[SourceQuality "1"]

1. d4 Nf6 2. c4 c5 3. d5 b5 4. cxb5 a6 5. e3 g6 6. Nc3 Bg7 7. Nf3 0-0 8. a4 d6 9. e4 axb5 10. Bxb5 Na6 11. 0-0 Nb4 12. h3 e6 13. dxe6 fxe6 14. Bf4 d5 15. exd5 exd5 16. Bg5 Bb7 17. Re1 Qc7 18. Rc1 h6 19. Bh4 c4 20. Bg3 Qb6 21. Ne5 Kh7 22. b3 Nh5 23. Kh2 Nxg3 24. fxg3 Rf2 25. Re2 Rd8 26. Ng4 Rxe2 27. Qxe2 Nd3 28. Rc2 h5 29. bxc4 Nb4 30. Nxd5 Bxd5 31. cxd5 Nxc2 32. Qxc2 hxg4 33. Qe4 Qf6 34. hxg4 Rf8 35. Bd3 Qg5 36. d6 Be5 37. d7 Qh4+ 38. Kg1 Bxg3 39. Qxg6+ Kh8 40. Qh7+ Qxh7 41. Bxh7 Kxh7 42. a5 Rd8 43. a6 Rxd7 44. Kf1 Ra7 45. Ke2 Rxa6 46. Kf3 Bb8 47. Ke4 Rg6 48. Kf5 Kh6 49. g5+ Rxg5+ 50. Ke4 Rxg2 0-1

[Event "Titled Tuesday intern op 17th Aug"]
[Site "Chess.com INT"]
[Date "2021.08.17"]
[Round "6"]
[White "Gurvich, Vitaly"]
[Black "Buscar, Michael"]
[Result "1-0"]
[WhiteElo "2259"]
[BlackElo "2088"]
[PlyCount "65"]
[EventDate "2021.08.17"]
[EventType "swiss (blitz)"]
[EventRounds "11"]
[EventCountry "USA"]
[SourceTitle "EXT 2022"]
[Source "ChessBase"]
[SourceDate "2021.10.06"]
[SourceVersion "1"]
[SourceVersionDate "2021.10.06"]
[SourceQuality "1"]

1. g4 d6 2. Bg2 c6 3. h3 e5 4. d4 Nd7 5. c4 Be7 6. Nc3 Qc7 7. e3 Ngf6 8. Nge2 h6 9. Ng3 Nf8 10. b3 Ng6 11. d5 Nh4 12. 0-0 Nxg2 13. Kxg2 0-0 14. e4 Nh7 15. f4 exf4 16. Bxf4 Bf6 17. Qd2 Ng5 18. Rae1 Bd7 19. Nh5 Bxc3 20. Qxc3 f6 21. h4 Nh7 22. Qg3 Rae8 23. Bxd6 Qc8 24. Bxf8 Nxf8 25. e5 Bxg4 26. exf6 Rxe1 27. Rxe1 Ng6 28. Nxg7 Kh7 29. h5 Nf8 30. Re7 cxd5 31. Ne6+ Kh8 32. Qxg4 Nxe6 33. Qxe6 1-0

[Event "Titled Tuesday intern op 17th Aug"]
[Site "Chess.com INT"]
[Date "2021.08.17"]
[Round "10"]
[White "Gurvich, Vitaly"]
[Black "Moroni, Luca Jr"]
[Result "1/2-1/2"]
[WhiteElo "2259"]
[BlackElo "2566"]
[PlyCount "153"]
[EventDate "2021.08.17"]
[EventType "swiss (blitz)"]
[EventRounds "11"]
[EventCountry "USA"]
[SourceTitle "EXT 2022"]
[Source "ChessBase"]
[SourceDate "2021.10.06"]
[SourceVersion "1"]
[SourceVersionDate "2021.10.06"]
[SourceQuality "1"]

1. g4 d6 2. Bg2 g6 3. h3 Bg7 4. d3 c5 5. Nc3 Nc6 6. e3 h5 7. g5 e6 8. h4 Nge7 9. Nge2 d5 10. Ng3 a6 11. a4 Rb8 12. 0-0 Qc7 13. Bd2 b5 14. axb5 axb5 15. f4 b4 16. Na4 Qd6 17. Re1 0-0 18. Rb1 Bd7 19. e4 Nd4 20. b3 Ra8 21. e5 Qc7 22. Be3 Bxa4 23. Bxd4 cxd4 24. bxa4 Rxa4 25. Bh3 Rc8 26. Ne2 Bf8 27. Rb2 Qc5 28. Kg2 Nc6 29. Qd2 Na7 30. Reb1 Nb5 31. Kf3 Nc3 32. Re1 Ra3 33. Kg2 Nxe2 34. Qxe2 Rc3 35. Rc1 b3 36. f5 exf5 37. e6 Rxc2 38. Rbxc2 bxc2 39. exf7+ Kxf7 40. Bxf5 gxf5 41. Qxh5+ Kg8 42. Qg6+ Bg7 43. h5 Qc6 44. Qxf5 Rf8 45. Qg4 Qc3 46. Qe2 Qc8 47. h6 Qf5 48. hxg7 Qxg5+ 49. Kh2 Qh6+ 50. Kg3 Qxg7+ 51. Qg4 Qxg4+ 52. Kxg4 Rf2 53. Kg3 Rd2 54. Kf4 Kf7 55. Ke5 Ke7 56. Kxd4 Kd6 57. Kc3 Rh2 58. Rxc2 d4+ 59. Kb3 Rxc2 60. Kxc2 Kc6 61. Kb2 Kb6 62. Ka2 Kc5 63. Ka3 Kb5 64. Kb3 Kc5 65. Ka4 Kc6 66. Kb4 Kd7 67. Kc5 Kc7 68. Kxd4 Kd6 69. Ke4 Ke6 70. d4 Kd6 71. d5 Kd7 72. Ke5 Ke7 73. d6+ Kd7 74. Kd5 Kd8 75. Ke6 Ke8 76. d7+ Kd8 77. Kd6 1/2-1/2

[Event "Titled Tuesday intern op 17th Aug"]
[Site "Chess.com INT"]
[Date "2021.08.17"]
[Round "5"]
[White "Thing, Bibek"]
[Black "Gurvich, Vitaly"]
[Result "1-0"]
[WhiteElo "2190"]
[BlackElo "2259"]
[PlyCount "83"]
[EventDate "2021.08.17"]
[EventType "swiss (blitz)"]
[EventRounds "11"]
[EventCountry "USA"]
[SourceTitle "EXT 2022"]
[Source "ChessBase"]
[SourceDate "2021.10.06"]
[SourceVersion "1"]
[SourceVersionDate "2021.10.06"]
[SourceQuality "1"]

1. e4 c6 2. d4 d5 3. e5 Bf5 4. h4 h5 5. Bd3 Bxd3 6. Qxd3 Qa5+ 7. Nd2 Qa6 8. c4 e6 9. b3 Nh6 10. Ngf3 Nf5 11. Qc2 Nd7 12. 0-0 Be7 13. g3 Ba3 14. Kg2 Qa5 15. Bxa3 Qxa3 16. c5 0-0 17. Nb1 Qb4 18. a3 Qa5 19. b4 Qd8 20. Nc3 f6 21. Rae1 fxe5 22. dxe5 a5 23. Ne2 axb4 24. axb4 Qe7 25. Ned4 Ra3 26. Nxf5 Rxf5 27. Ng5 g6 28. f4 Kg7 29. Ra1 Rxa1 30. Rxa1 Rf8 31. Ra7 Rb8 32. b5 Kh6 33. bxc6 bxc6 34. Kh3 Rd8 35. Rc7 Qe8 36. Rxc6 Nf8 37. Rc7 Rd7 38. Rxd7 Qxd7 39. c6 Qc8 40. Qc5 Qa8 41. Qe7 Qa1 42. Qxf8# 1-0

[Event "Titled Tuesday intern op 10th Aug"]
[Site "Chess.com INT"]
[Date "2021.08.10"]
[Round "2"]
[White "Eggleston, Thomas"]
[Black "Gurvich, Vitaly"]
[Result "0-1"]
[WhiteElo "2178"]
[BlackElo "2259"]
[PlyCount "96"]
[EventDate "2021.08.10"]
[EventType "swiss (blitz)"]
[EventRounds "11"]
[EventCountry "USA"]
[SourceTitle "CBM 203 Extra"]
[Source "ChessBase"]
[SourceDate "2021.09.30"]
[SourceVersion "1"]
[SourceVersionDate "2021.09.30"]
[SourceQuality "1"]

1. e4 c6 2. d4 d5 3. Nc3 dxe4 4. Nxe4 Nf6 5. Nxf6+ exf6 6. c3 Bd6 7. Bd3 Na6 8. Ne2 h5 9. h4 g6 10. Bf4 Nc7 11. Qd2 Kf8 12. 0-0-0 Kg7 13. f3 Nd5 14. Bxd6 Qxd6 15. Kb1 b5 16. Rdg1 f5 17. c4 bxc4 18. Bxc4 Be6 19. Bxd5 Bxd5 20. Nc3 Rad8 21. Re1 Rhe8 22. Rhg1 Qg3 23. Rxe8 Rxe8 24. Rh1 Re6 25. a3 Qb8 26. Nxd5 cxd5 27. g4 hxg4 28. fxg4 fxg4 29. h5 g3 30. h6+ Kh7 31. Rf1 f5 32. Qg2 Re4 33. Rg1 f4 34. Qh3 Qd8 35. Rc1 Qe7 36. Qc8 g2 37. Qg4 Kxh6 38. Qxg2 Qf6 39. Qh3+ Kg7 40. Rc7+ Re7 41. Rc1 Qf5+ 42. Qxf5 gxf5 43. Rf1 Re4 44. Rc1 Rxd4 45. Rc7+ Kg6 46. Rxa7 f3 47. Ra6+ Kg5 48. Rb6 f2 0-1

[Event "Titled Tuesday intern op 10th Aug"]
[Site "Chess.com INT"]
[Date "2021.08.10"]
[Round "4"]
[White "Gurvich, Vitaly"]
[Black "Itkis, Boris"]
[Result "1-0"]
[WhiteElo "2259"]
[BlackElo "2333"]
[PlyCount "103"]
[EventDate "2021.08.10"]
[EventType "swiss (blitz)"]
[EventRounds "11"]
[EventCountry "USA"]
[SourceTitle "CBM 203 Extra"]
[Source "ChessBase"]
[SourceDate "2021.09.30"]
[SourceVersion "1"]
[SourceVersionDate "2021.09.30"]
[SourceQuality "1"]

1. e4 e5 2. Nf3 Nc6 3. Bb5 a6 4. Bxc6 dxc6 5. d3 Qf6 6. Nc3 Bg4 7. h3 Bxf3 8. Qxf3 Qxf3 9. gxf3 0-0-0 10. f4 Bd6 11. fxe5 Bxe5 12. Bd2 Ne7 13. 0-0-0 f5 14. f4 Bd4 15. Ne2 Bc5 16. Bc3 Rhg8 17. b3 Ng6 18. Kb2 Rdf8 19. e5 Kd7 20. d4 Be7 21. Nc1 Nxf4 22. Rdf1 Nd5 23. Bd2 f4 24. Nd3 g5 25. c4 Nb6 26. h4 h6 27. hxg5 hxg5 28. Rh7 Ke6 29. Bb4 Bxb4 30. Nxb4 a5 31. Nd3 f3 32. Nc5+ Kf5 33. Rxf3+ Kg4 34. Rxf8 Rxf8 35. Rxc7 Kf3 36. Rxb7 Nc8 37. Rg7 g4 38. e6 g3 39. Nd7 Re8 40. d5 cxd5 41. cxd5 g2 42. Ne5+ Kf2 43. Nd3+ Kf1 44. Rf7+ Ke2 45. Nf4+ Kf3 46. Nh5+ Kg4 47. Nf6+ Kh4 48. Nxe8 g1Q 49. Rh7+ Kg3 50. Rg7+ Kf2 51. Rxg1 Kxg1 52. d6 1-0